| 000 | 01366nam a2200301 4500 | ||
|---|---|---|---|
| 001 | 0000022545 | ||
| 003 | CO-CtgCURN | ||
| 005 | 20250513132238.0 | ||
| 007 | ta | ||
| 008 | 160627s2001 000 0 eng d | ||
| 020 | _a9706553274 | ||
| 040 |
_aCO-CtgCURN _bspa _ccoctgcurn |
||
| 082 | 0 |
_a616.65 _bG940g |
|
| 245 | 0 | 0 |
_aGuía de la Clínica Mayo sobre salud de la próstata / _cEditor David M. Barrett. |
| 260 |
_aMexico : _bTrillas, _c2001. |
||
| 300 | _a178 p. | ||
| 336 | _2rdacontent | ||
| 337 |
_2rdamedia _asin mediacion _bn |
||
| 338 |
_2rdacarrier _avolumen _bnc |
||
| 500 | _aIncluye indice. | ||
| 505 | 8 | _aLa prostata.--Revision de la prostata.--Vivir con prostatitis.--Entender la hiperplasia prostatica benigna.--Tratamiento de la hiperplasia prostatica benigna.--Cancer de prostata.--Como saber que tiene cancer.-- ·Cuales son las opciones? Cuando el cancer ha avanzado.--Enfrentar las complicaciones.--Regresar a la vida normal.--·Puede prevenir las enfermedades de la prostata? ·Cuales son los tratamientos complementarios y alternativos? | |
| 650 | 1 | 4 |
_aProstata _vEnfermedades. |
| 700 | 1 |
_aBarrett, David M., _eEditor. |
|
| 908 | _a160627 | ||
| 942 |
_cBK _h616.65 _iG940g _2ddc _n0 |
||
| 999 |
_c10135 _d10135 |
||